Meranie výkonnosti domácich a zahraničných podnikov v podmienkach Slovenskej a Českej republiky
Gespeichert in:
| 1. Verfasser: | |
|---|---|
| Format: | Buchkapitel |
| Sprache: | Slowakisch |
| Tags: |
Keine Tags, Fügen Sie das erste Tag hinzu!
|
MARC
| LEADER | 00000nla a2200000 4500 | ||
|---|---|---|---|
| 001 | 0227036 | ||
| 005 | 20240502073736.9 | ||
| 041 | 0 | |a slo | |
| 044 | |a SK | ||
| 245 | 1 | 0 | |a Meranie výkonnosti domácich a zahraničných podnikov v podmienkach Slovenskej a Českej republiky |c František Hurný |
| 500 | |a Abstrakt | ||
| 100 | 1 | |a Hurný, František | |